000 00299nam a2200133Ia 4500
100 _aKhandpur/R.S
942 _cRB
654 _ahandbook
245 _aHandbook on Microcomputers
260 _bTata Mc Graw hill
_aNew Delhi
_c1988
082 _a621.381953
_bKHA
300 _a331
546 _aENGLISH
999 _c23035
_d23035